| 000 | 00348nam a2200145Ia 4500 | ||
|---|---|---|---|
| 008 | 210210b1986 xxu||||| |||| 00| 0 eng d | ||
| 082 | _a909 REBW | ||
| 100 | _aREBELLOW (I). | ||
| 245 | _aWorld history.I PUC. Ed 4. | ||
| 250 | _a | ||
| 260 |
_aBangalore _bPrakasha Sahitya _c1986 |
||
| 300 | _aiv,207 | ||
| 690 | _aWorld History | ||
| 906 | _a038389 | ||
| 999 |
_c88540 _d88540 |
||